| 000 | 00823nam a22002897a 4500 | ||
|---|---|---|---|
| 003 | CHAP | ||
| 005 | 20220329134618.0 | ||
| 008 | 971013s1958 r 00010 d | ||
| 010 | _a22991 | ||
| 011 | _a23963 | ||
| 035 | _a28060 | ||
| 040 | _cCHAP | ||
| 082 |
_a631.47 _bD8 |
||
| 100 | 0 | 0 |
_aDurand, J. H. _934543 |
| 245 | _aLes sols irrigables; etude pédologique | ||
| 260 |
_aAlger : _b(s.e.), _c1958 |
||
| 300 |
_a190 p. _b: ilus. |
||
| 590 |
_aBATCH-UPD _b10 _c20130110 _lUCH01 _h1108 |
||
| 590 |
_aBATCH-UPD _b10 _c20130410 _lUCH01 _h0659 |
||
| 590 |
_aBATCH-UPD _b10 _c20130914 _lUCH01 _h1625 |
||
| 590 |
_aCONVERSION _b10 _c20130109 _lUCH01 _h1313 |
||
| 650 | 1 | 4 |
_aIrrigación. _960366 |
| 650 | 1 | 4 |
_aSuelos. _9110191 |
| 901 | _aBK | ||
| 942 | _cLIBRO | ||
| 949 |
_a631.47 D8 _bBC _cLIBRO _d-64749 _eLIBRO _h21607 _i28060 _si |
||
| 999 |
_c22991 _d22991 |
||